书目信息 |
| 题名: |
毛泽东思想概论
|
|
| 作者: | 王顺生 主编 ;教育部社会科学研究与思想政治工作司 组编 | |
| 分册: | ||
| 出版信息: | 北京 高等教育出版社 2003.8 |
|
| 页数: | 177页 | |
| 开本: | 24cm | |
| 丛书名: | “两课”示范教材 | |
| 单 册: | ||
| 中图分类: | A84 , A84 | |
| 科图分类: | ||
| 主题词: | 毛泽东思想--高等学校--教材 , 毛泽东著作研究 , 毛泽东著作--学习 | |
| 电子资源: | ||
| ISBN: | 7-04-012226-X | |
| 000 | 00955nam2 2200289 45 | |
| 001 | 0950330758 | |
| 005 | 20090618135851.78 | |
| 010 | @a7-04-012226-X@dCNY 13.00 | |
| 100 | @a20040624d2003 em y0chiy0121 ea | |
| 101 | 0 | @achi |
| 102 | @aCN@b110000 | |
| 105 | @ay z 000yy | |
| 200 | 1 | @a毛泽东思想概论@Amao ze dong si xiang gai lun@e本科本@f王顺生主编@g教育部社会科学研究与思想政治工作司组编 |
| 210 | @a北京@c高等教育出版社@d2003.8 | |
| 215 | @a177页@d24cm | |
| 225 | 2 | @a“两课”示范教材 |
| 300 | @a全国普通高等学校“两课”示范教材 | |
| 410 | 0 | @12001 @a“两课”示范教材 |
| 606 | 0 | @a毛泽东思想@x高等学校@j教材 |
| 606 | 0 | @a毛泽东著作研究 |
| 606 | 0 | @a毛泽东著作@x学习 |
| 690 | @aA84@v3 | |
| 690 | @aA84@v4 | |
| 701 | 0 | @a王顺生@Awang shun sheng@4主编 |
| 712 | 02 | @a教育部社会科学研究与思想政治工作司@Ajiao yu bu she hui ke xue yan jiu yu si xiang zheng zhi gong zuo si@4组编 |
| 801 | 0 | @aCN@bQSSKxf@c20090618 |
| 905 | @dA84@eW3501 | |
| 毛泽东思想概论:本科本/王顺生主编/教育部社会科学研究与思想政治工作司组编.-北京:高等教育出版社,2003.8 |
| 177页;24cm.-(“两课”示范教材) |
| 全国普通高等学校“两课”示范教材 |
| ISBN 7-04-012226-X:CNY 13.00 |
| ● |
| 相关链接 |
|
|
|
正题名:毛泽东思想概论
索取号:A84/W3501
 
预约/预借
| 序号 | 登录号 | 条形码 | 馆藏地/架位号 | 状态 | 备注 |
| 1 | 468975 | 204689756 | 社科库509/509社科库 4排4列1层/ [索取号:A84/W3501] | 在馆 |